| 000 | 00691nam a2200229Ia 4500 | ||
|---|---|---|---|
| 003 | IN-BaIIA | ||
| 008 | 211028s9999 xx 000 0 eng d | ||
| 020 | _a0-08-026481-6 | ||
| 040 | _cIIA Library | ||
| 080 |
_a535 _bBOR |
||
| 100 |
_aBorn, Max _91579 |
||
| 111 |
_aWorkshop on Stellar Continuum Radio Astronomy _914408 |
||
| 245 | 0 |
_aPrinciples of optics _cMax Born and Emil Wolf |
|
| 250 | _a6th ed. | ||
| 260 |
_aOxford _bPergamon Press _c1980 |
||
| 300 | _axxviii, 808p. | ||
| 650 | _aAstronomy and astrophysics thesaurus | ||
| 650 |
_aElectromagnetic theory _92899 |
||
| 650 | _aOptics | ||
| 700 |
_aWolf, Emil _93520 |
||
| 942 | _cBK | ||
| 999 |
_c8592 _d8592 |
||